00572nam a2200205 a 4500001001300000003000900013005001700022008004100039020001000080082001800090100002900108245005000137260004200187300000900229500003500238505002400273650001700297650002300314700002900337nice12345678IN_TiNIC20260116013518.0050524s1983 dela grp 000 0 eng  ac20000a954.025bSID1 aSiddiqui, Iqtidar Husain aMughal Relations With the Indian Ruling Elite aDelhibMunshiram Manoharlal Pubc1983 a203p aincludes index and biblioraphy2 abibliography, index aMughal India aNobles and Mughals1 aSiddiqui, Iqtidar Husain